• 首页
  • 本馆介绍
  • 公告通知
  • 最新文献
  • 馆藏检索
  • 电子资源
  • 读者导购
  • 参考咨询
  • 我的图书馆
  • 登录
  • 详细信息显示
  • 放入我的书架
  • 预约/预借图书
  • 作者相关作品
  • 分类相关作品
  • 丛书相关作品
  • 出版社相关作品

书目信息

  • 表格格式
  • 工作单格式
  • 卡片格式
题名:
用Proteus可视化设计玩转Arduino
    
 
作者: 刘波 , 金霞 , 李淼 编著
分册:  
出版信息: 北京   电子工业出版社  2020.5
页数: 244页
开本: 26cm
丛书名: 玩转电子设计系列丛书
单 册:
中图分类: TN702 , TP368.1
科图分类:
主题词: 电子电路--计算机辅助设计--应用软件 , 单片微型计算机--程序设计
电子资源:
ISBN: 978-7-121-38943-6
000 01602nam2 2200325 45
001 012001002842
005 20141010100630.0
010    @a978-7-121-38943-6@dCNY69.80
100    @a20200515d2020 em y0chiy50 ea
101 0  @achi
102    @aCN@b110000
105    @aa az 000yy
106    @ar
200 1  @a用Proteus可视化设计玩转Arduino@Ayong proteus ke shi hua she ji wan zhuan arduino@b专著@f刘波,金霞,李淼编著
210    @a北京@c电子工业出版社@d2020.5
215    @a244页@c图@d26cm
225 2  @a玩转电子设计系列丛书
320    @a有书目
330    @a本书主要介绍使用Proteus进行可视化设计的方法,使读者在对程序代码较为生疏的情况下,也可以完成对Arduino单片机的开发。本书涉及Arduino及可视化介绍、Proteus软件的基础操作、可视化设计方法的使用和Arduino单片机的应用等内容。书中介绍了如何使用可视化设计的方法玩转LED、显示屏、电机和传感器,同时也完整地介绍了3个利用可视化设计方法的电路综合实例,包括电子密码锁实例、多功能电子时钟实例和智能小车实例,每一个仿真实例后都配有二维码,扫描二维码即可观看仿真视频。读者可以在熟悉Proteus操作的同时体会可视化的设计思路,为自己玩转Arduino单片机打下基础。本书适合对可视化设计和电子设计感兴趣或参加电子设计比赛的人员阅读,也可作为高等院校相关专业和职业培训的实验用书。
410  0 @12001 @a玩转电子设计系列丛书
461  0 @12001 @a玩转电子设计系列丛书
606 0  @a电子电路@x计算机辅助设计@x应用软件
606 0  @a单片微型计算机@x程序设计
690    @aTN702@v5
690    @aTP368.1@v5
701  0 @a刘波@Aliu bo@4编著
701  0 @a金霞@Ajin xia@4编著
701  0 @a李淼@Ali miao@4编著
801  2 @aCN@bBJSDL@c20211018
905    @b1350543-6@dTN702@e403@f4
    
    用Proteus可视化设计玩转Arduino/刘波,金霞,李淼编著.-北京:电子工业出版社,2020.5
    244页:图;26cm.-(玩转电子设计系列丛书)
    
    
    ISBN 978-7-121-38943-6:CNY69.80
    本书主要介绍使用Proteus进行可视化设计的方法,使读者在对程序代码较为生疏的情况下,也可以完成对Arduino单片机的开发。本书涉及Arduino及可视化介绍、Proteus软件的基础操作、可视化设计方法的使用和Arduino单片机的应用等内容。书中介绍了如何使用可视化设计的方法玩转LED、显示屏、电机和传感器,同时也完整地介绍了3个利用可视化设计方法的电路综合实例,包括电子密码锁实例、多功能电子时钟实例和智能小车实例,每一个仿真实例后都配有二维码,扫描二维码即可观看仿真视频。读者可以在熟悉Proteus操作的同时体会可视化的设计思路,为自己玩转Arduino单片机打下基础。本书适合对可视化设计和电子设计感兴趣或参加电子设计比赛的人员阅读,也可作为高等院校相关专业和职业培训的实验用书。
●
相关链接 在E读中查询图书 在五车中查询图书 在当当中查询图书 在豆瓣中查询图书


正题名:用Proteus可视化设计玩转Arduino     索取号:TN702/403         预约/预借

序号 登录号 条形码 馆藏地/架位号 状态 备注
1 1350543   213505438   第二样本阅览室/ [索取号:TN702/403] 在馆    
2 1350544   213505447   第三借阅区/ [索取号:TN702/403] 在馆    
3 1350545   213505456   第三借阅区/ [索取号:TN702/403] 在馆    
4 1350546   213505465   第三借阅区/ [索取号:TN702/403] 在馆    
唐山师范学院图书馆 欢迎您!
大连网信软件有限公司© 版权所有